<?xml version="1.0" encoding="UTF-8"?>
<record
    xmlns:xsi="http://www.w3.org/2001/XMLSchema-instance"
    xsi:schemaLocation="http://www.loc.gov/MARC21/slim http://www.loc.gov/standards/marcxml/schema/MARC21slim.xsd"
    xmlns="http://www.loc.gov/MARC21/slim">

  <leader>02249nab a2200253 i 4500</leader>
  <controlfield tag="003">BR-BrBNA</controlfield>
  <controlfield tag="005">20250603140735.0</controlfield>
  <controlfield tag="008">250603b2018    bl.qr|p|oa||| 00| 0 eng |</controlfield>
  <datafield tag="040" ind1=" " ind2=" ">
    <subfield code="a">BR-BrBNA</subfield>
    <subfield code="b">eng</subfield>
  </datafield>
  <datafield tag="072" ind1=" " ind2=" ">
    <subfield code="a">F70</subfield>
  </datafield>
  <datafield tag="100" ind1=" " ind2=" ">
    <subfield code="a">Kitaura, Marcos Junji </subfield>
  </datafield>
  <datafield tag="100" ind1=" " ind2=" ">
    <subfield code="a">Gumboski, Emerson Luiz</subfield>
  </datafield>
  <datafield tag="100" ind1=" " ind2=" ">
    <subfield code="a">Koroiva, Ricardo </subfield>
  </datafield>
  <datafield tag="245" ind1=" " ind2=" ">
    <subfield code="a">Five new records and an identification key of the lichen genus Leptogium from Santa Catarina state, Brazil</subfield>
  </datafield>
  <datafield tag="500" ind1=" " ind2=" ">
    <subfield code="a">Publica&#xE7;&#xE3;o on-line; 32 ref.; 1 illus.; Summaries (En, Pt)</subfield>
  </datafield>
  <datafield tag="520" ind1=" " ind2=" ">
    <subfield code="a">
Abstract

Leptogium is a cosmopolitan genus with currently 180 accepted species, of which 46 are reported from Brazil. Leptogium
atlanticum, L. azureum, L. cyanescens, L. sessile and L. subjuressianum are recorded from the Brazilian state of Santa
Catarina for the first time. Leptogium chloromelum var. crassius is synonymized with L. sessile. Leptogium atlanticum
is recorded for the first time outside the type locality. We also provide comments and the first identification key for
Leptogium species found in Santa Catarina state.

Key words: Ascomycota, Collemataceae, diversity, jelly lichen, taxonomy.




Resumo

Leptogium &#xE9; um g&#xEA;nero cosmopolita com atualmente 180 esp&#xE9;cies aceitas, das quais 46 s&#xE3;o citadas para o Brasil.
Leptogium atlanticum, L. azureum, L. cyanescens, L. sessile e L. subjuressianum s&#xE3;o registradas aqui pela primeira
vez para o estado de Santa Catarina. Leptogium chloromelum var. crassius &#xE9; sinonimizado com L. sessile. Leptogium
atlanticum &#xE9; registrada pela primeira vez fora da localidade tipo. N&#xF3;s tamb&#xE9;m fornecemos coment&#xE1;rios e a primeira
chave de identifica&#xE7;&#xE3;o para esp&#xE9;cies de Leptogium encontradas no estado de Santa Catarina.

Palavras-chave: Ascomycota, Collemataceae, diversidade, liquens gelatinosos, taxonomia.</subfield>
  </datafield>
  <datafield tag="650" ind1=" " ind2=" ">
    <subfield code="a">BIODIVERSIDADE</subfield>
  </datafield>
  <datafield tag="650" ind1=" " ind2=" ">
    <subfield code="a">L&#xCD;QUEN</subfield>
  </datafield>
  <datafield tag="650" ind1=" " ind2=" ">
    <subfield code="a">TAXONOMIA</subfield>
  </datafield>
  <datafield tag="773" ind1="0" ind2=" ">
    <subfield code="0">709</subfield>
    <subfield code="9">350746</subfield>
    <subfield code="d">Rio de Janeiro-RJ Jardim Botanico do Rio de Janeiro 1935</subfield>
    <subfield code="o">2025-3371</subfield>
    <subfield code="t">Rodrigu&#xE9;sia (Brazil)</subfield>
    <subfield code="x">0370-6583; 2175-7860 on-line</subfield>
    <subfield code="g">v. 69(2) p. 423-428; (2018) </subfield>
    <subfield code="w">BR2025001342</subfield>
  </datafield>
  <datafield tag="856" ind1=" " ind2=" ">
    <subfield code="u">https://www.scielo.br/j/rod/a/T9RzZRwzVyk4tjQZx5j6cZH/?format=pdf&amp;lang=en</subfield>
  </datafield>
  <datafield tag="942" ind1=" " ind2=" ">
    <subfield code="c">ANA</subfield>
  </datafield>
  <datafield tag="999" ind1=" " ind2=" ">
    <subfield code="c">331862</subfield>
    <subfield code="d">331862</subfield>
  </datafield>
</record>
